[Event "Trieste op"]
[Site "Trieste"]
[Date "2010.05.10"]
[Round "1"]
[White "Del Cont Bernard, Emanuela"]
[Black "Roiatti, Noris"]
[Result "0-1"]
[WhiteElo "1302"]
[BlackElo "1581"]
[PlyCount "66"]
[EventDate "2010.05.10"]
[EventType "swiss"]
[EventRounds "6"]
[EventCountry "ITA"]
[SourceTitle "EXT 2024"]
[Source "ChessBase"]
[SourceDate "2023.10.10"]
[SourceVersion "1"]
[SourceVersionDate "2023.10.10"]
[SourceQuality "1"]

1. d4 d5 2. c4 c6 3. Nc3 Nf6 4. Nf3 e6 5. e3 Nbd7 6. Bd3 dxc4 7. Bxc4 b5 8. Bd3 Bd6 9. e4 Bc7 10. 0-0 h6 11. Re1 0-0 12. Qc2 Nb6 13. b3 Bb7 14. Bb2 Rc8 15. Rad1 Qe7 16. Qb1 a6 17. Rc1 Nh7 18. e5 Ng5 19. Nd2 Nh3+ 20. Kf1 Nf4 21. Ne2 Nbd5 22. Be4 f6 23. Bxd5 Nxd5 24. Nc3 Nf4 25. Ne2 fxe5 26. dxe5 Nxg2 27. Kxg2 Qg5+ 28. Ng3 Qxd2 29. Qc2 Rxf2+ 30. Kg1 Rg2+ 31. Kh1 Rxh2+ 32. Kg1 Bb6+ 33. Kf1 Rf8+ 0-1

[Event "Venice Province-ch 70th"]
[Site "Venice Mestre"]
[Date "2010.01.31"]
[Round "4"]
[White "Roiatti, Noris"]
[Black "Zamengo, Fulvio"]
[Result "1/2-1/2"]
[WhiteElo "1527"]
[BlackElo "1926"]
[PlyCount "122"]
[EventDate "2010.01.29"]
[EventType "swiss"]
[EventRounds "5"]
[EventCountry "ITA"]
[SourceTitle "EXT 2022"]
[Source "ChessBase"]
[SourceDate "2021.10.06"]
[SourceVersion "1"]
[SourceVersionDate "2021.10.06"]
[SourceQuality "1"]

1. e4 e6 2. b3 c5 3. Nf3 Nc6 4. Bb2 d5 5. exd5 exd5 6. Bb5 f6 7. d4 Bd6 8. 0-0 Nge7 9. dxc5 Bxc5 10. Nd4 0-0 11. c4 a6 12. Bxc6 Nxc6 13. cxd5 Qxd5 14. Nxc6 Qxc6 15. Ba3 Bxa3 16. Nxa3 b5 17. Rc1 Qb6 18. Qd5+ Be6 19. Rc6 Bxd5 20. Rxb6 Rfd8 21. Nc2 Kf7 22. Nb4 Be6 23. Nxa6 Bf5 24. Nb4 Bd7 25. f3 Be8 26. Rc1 Rd4 27. Na6 Rd2 28. Ra1 Rc8 29. Rb7+ Kg6 30. Rc7 Rcd8 31. Nb4 R8d6 32. Re7 Bf7 33. Rc7 Re6 34. Rc2 Rd4 35. Nc6 Rdd6 36. Na7 Ra6 37. Nxb5 Reb6 38. Nd4 Rb4 39. Nc6 Rbb6 40. Ne7+ Kh6 41. Nf5+ Kg6 42. Nd4 Bxb3 43. Nxb3 Rxb3 44. axb3 Rxa1+ 45. Kf2 Rb1 46. Rc3 Kf5 47. Ke3 Rb2 48. g4+ Kg5 49. h3 h5 50. Rc5+ Kg6 51. gxh5+ Kh7 52. Rb5 Rh2 53. b4 Rxh3 54. Rf5 Rh4 55. f4 g5 56. hxg6+ Kxg6 57. Ke4 Rh1 58. Rb5 Re1+ 59. Kd3 Rf1 60. f5+ Rxf5 61. Rxf5 Kxf5 1/2-1/2